|
|
|
|
| LEADER |
00000nam a2200000 a 4500 |
| 001 |
vtls001317523 |
| 003 |
SK-MaSNL |
| 005 |
20260426001523.0 |
| 008 |
171201s1998 xo oa g c 00000 slo |
| 015 |
|
|
|a SNBE1998/03-01617
|
| 020 |
|
|
|a 8088681324
|q (zlož. str.)
|
| 035 |
|
|
|a SNK000270046
|
| 040 |
|
|
|a SNK
|b slo
|c SNK
|e AACR2
|
| 041 |
0 |
|
|a slo
|
| 043 |
|
|
|a e-xo---
|
| 044 |
|
|
|a xo
|c SK
|
| 072 |
|
7 |
|a 72/76
|x Výtvarné umenie
|2 konspekt
|
| 072 |
|
7 |
|a 76
|x Grafika
|2 konspekt
|
| 080 |
|
|
|a 72/76(437.6)
|2 2011
|
| 080 |
|
|
|a 72/76.071.1
|2 2011
|
| 080 |
|
|
|a 76.071.1
|2 2011
|
| 080 |
|
|
|a (437.6)
|2 2011
|
| 080 |
|
|
|a (083.824)
|2 2011
|
| 111 |
2 |
|
|a Miloš Urbásek: Grafika - pastely
|d (december 1997 - február 1998 :
|c Banská Bystrica, Slovensko)
|9 578963
|
| 245 |
1 |
0 |
|a Miloš Urbásek
|b grafika a pastely
|c [koncepcia výstavy a text katalógu Radislav Matuštík ; grafická úprava Robert Urbásek ; fotografie Martin Marenčin]
|
| 246 |
3 |
0 |
|a Grafika a pastely
|
| 260 |
|
|
|a Banská Bystrica
|b Štátna galéria
|c [1998]
|
| 300 |
|
|
|a [4] s.
|b čiernobiele a fareb. fotogr., kres.
|c 30 cm
|
| 504 |
|
|
|a Obsahuje zoznamy domácich a zahraničných výstav
|
| 600 |
1 |
7 |
|a Urbásek, Miloš,
|d 1932-1988
|2 SNKMA
|9 214334
|
| 650 |
0 |
7 |
|a slovenské výtvarné umenie
|2 SNKPH
|9 68597
|
| 650 |
0 |
7 |
|a výtvarníci
|2 SNKPH
|9 118705
|
| 650 |
0 |
7 |
|a grafici
|2 SNKPH
|9 87837
|
| 650 |
0 |
7 |
|a Slovak art
|2 SNKPHeng
|9 275442
|
| 650 |
0 |
7 |
|a Artists
|2 SNKPHeng
|9 265151
|
| 650 |
0 |
7 |
|a printmakers
|2 SNKPHeng
|9 306704
|
| 651 |
|
7 |
|a Slovensko
|2 SNKPH
|9 14231
|
| 651 |
|
7 |
|a Slovakia
|2 SNKPHeng
|9 92630
|
| 655 |
|
7 |
|a katalógy výstav
|2 SNKPH
|9 70445
|
| 655 |
|
7 |
|a Exhibition catalogs
|2 SNKPHeng
|9 266232
|
| 700 |
1 |
|
|a Matuštík, Radislav,
|d 1929-2006
|4 com
|4 aft
|9 226052
|
| 700 |
1 |
|
|a Urbásek, Miloš,
|d 1932-1988
|4 art
|4 bkd
|9 214334
|
| 700 |
1 |
|
|a Marenčin, Martin,
|d 1956-
|4 pht
|9 90522
|
| 710 |
2 |
|
|a Štátna galéria (Banská Bystrica, Slovensko)
|4 orm
|9 31603
|
| 852 |
|
|
|a Akadémia umení v Banskej Bystrici
|
| 919 |
|
|
|a 80-88681-32-4
|
| 999 |
|
|
|c 889213
|d 891143
|
| 952 |
|
|
|t P60, <03>, [BOOK], {603}
|a SNK
|b SNK
|y PREZ
|7 0
|p 17A0118903
|o snkOSB 11668
|i snkKSP 783/98
|0 0
|1 0
|4 0
|d 1998-01-26
|l 0
|r 2005-01-02 00:00:00
|w 2026-02-24
|
| 952 |
|
|
|t P60, <04>, [BOOK], {604}
|a SNK
|b SNK
|y VYP
|7 0
|p 17A0118904
|o snkOSB 11668 D1
|i snkKSP 784/98
|0 0
|1 0
|4 0
|d 1998-01-26
|l 0
|r 2005-01-02 00:00:00
|w 2026-02-24
|
| 952 |
|
|
|t P60, <09>, [BOOK], {629}
|a SNK
|b SNK
|y NEVYP
|7 0
|o snkB 50
|i snk274/980216
|0 0
|1 0
|4 0
|d 1998-02-13
|l 0
|r 2005-01-02 00:00:00
|w 2026-02-24
|